| 000 | 00513nam a2200121Ia 4500 | ||
|---|---|---|---|
| 008 | 170221s9999 xx 000 0 und d | ||
| 100 | _aDavid G. Meyer | ||
| 245 | _aStrategic choices, their implementation, and their effects on workers: Evidence from the auto parts supply sector | ||
| 245 | _cDavid G. Meyer, Meyer & Associates; Steve Dunphy, Indiana University Northwest. | ||
| 260 | _bJournal of Management and Marketing Research | ||
| 650 | _xBusiness | ||
| 856 | _uhttp://www.aabri.com/manuscripts/152271.pdf | ||
| 999 |
_c307836 _d307836 |
||